[Event "120th Taflfelag Reykjavik-B 2020"]
[Site "Reykjavik"]
[Date "2020.10.02"]
[Round "9.6"]
[White "Mai, Alexander Oliver"]
[Black "Gudmundsson, Gunnar Erik"]
[Result "1-0"]
[WhiteElo "2055"]
[BlackElo "1801"]
[Annotator "ChessBase"]
[PlyCount "131"]
[EventDate "2020.09.13"]
[EventType "tourn"]
[EventCountry "ISL"]
[SourceTitle "playchess.com"]
[Source "ChessBase"]
[SourceQuality "1"]
[TimeControl "40/5400+15:1800+30"]

1. e4 {[%emt 0:00:00]} c5 {[%emt 0:00:00]} 2. Nf3 {[%emt 0:00:00]} Nc6 {[%emt 0:00:00]} 3. d4 {[%emt 0:00:00]} cxd4 {[%emt 0:00:00]} 4. Nxd4 {[%emt 0:00:00]} Nf6 {[%emt 0:00:00]} 5. Nc3 {[%emt 0:00:00]} e5 {[%emt 0:00:00]} 6. Ndb5 {[%emt 1:31:30]} d6 {[%emt 0:00:00]} 7. Bg5 {[%emt 0:00:00]} a6 {[%emt 0:00:00]} 8. Na3 {[%emt 0:00:00]} b5 {[%emt 0:00:00]} 9. Nd5 {[%emt 1:32:15]} Be7 {[%emt 0:00:00]} 10. Bxf6 {[%emt 0:00:00]} Bxf6 {[%emt 0:00:00]} 11. c3 {[%emt 0:00:00]} Bg5 {[%emt 0:00:00]} 12. Nc2 {[%emt 0:00:00]} Rb8 {[%emt 0:00:06]} 13. Be2 {[%emt 0:00:00]} O-O {[%emt 0:00:19]} 14. O-O {[%emt 0:00:00]} Kh8 {[%emt 0:00:31]} 15. Qd3 {[%emt 0:00:00]} f5 {[%emt 0:04:37]} 16. Bf3 {[%emt 0:00:00]} g6 {[%emt 0:05:20]} 17. Rad1 {[%emt 0:01:38]} Ne7 {[%emt 1:23:22]} 18. Nxe7 {[%emt 0:07:11]} Bxe7 {[%emt 0:00:18]} 19. Nb4 {[%emt 0:00:02]} Bb7 {[%emt 0:00:40]} 20. exf5 {[%emt 0:09:57]} Bxf3 {[%emt 0:10:32]} 21. Qxf3 {[%emt 0:15:26]} Rxf5 {[%emt 0:06:04]} 22. Qe4 {[%emt 0:05:09]} Qb6 {[%emt 0:02:56]} 23. Qc6 {[%emt 0:11:02]} Bf8 {[%emt 0:03:18]} 24. Qxb6 {[%emt 0:03:36]} Rxb6 {[%emt 0:00:00]} 25. Nd5 {[%emt 0:00:36]} Rb7 {[%emt 0:03:01]} 26. Rfe1 {[%emt 0:01:57]} Kg7 {[%emt 0:05:17]} 27. Re4 {[%emt 0:00:40]} a5 {[%emt 0:04:45]} 28. Kf1 {[%emt 0:01:43]} h5 {[%emt 0:02:15]} 29. Ke2 {[%emt 0:01:21]} g5 {[%emt 0:04:09]} 30. f3 {[%emt 0:02:04]} Kg6 {[%emt 0:01:41]} 31. Rd3 {[%emt 0:35:23]} Rbf7 {[%emt 0:02:17]} 32. Ne3 {[%emt 0:01:40]} R5f6 {[%emt 0:00:27]} 33. Rd5 {[%emt 0:00:21]} Rb7 {[%emt 0:00:11]} 34. b4 {[%emt 0:07:35]} a4 {[%emt 0:00:34]} 35. c4 {[%emt 0:07:17]} bxc4 {[%emt 0:00:36]} 36. Rxc4 {[%emt 0:00:26]} Rf4 {[%emt 0:02:26]} 37. a3 {[%emt 0:00:45]} Kf7 {[%emt 0:02:10]} 38. Ra5 {[%emt 0:02:45]} Ke6 {[%emt 0:00:52]} 39. Rxa4 {[%emt 0:01:38]} d5 {[%emt 0:30:29]} 40. Ra6+ {[%emt 0:00:00]} Bd6 {[%emt 0:00:00]} 41. Rcc6 {[%emt 0:18:04]} Rd7 {[%emt 0:16:00]} 42. g4 {[%emt 0:07:28]} hxg4 {[%emt 0:02:11]} 43. fxg4 {[%emt 0:00:06]} Re4 {[%emt 0:43:54]} 44. Kd3 {[%emt 0:01:24]} Rd4+ {[%emt 0:43:41]} 45. Kc2 {[%emt 0:01:28]} Rf4 {[%emt 0:01:55]} 46. Nf5 {[%emt 0:00:44]} Rxg4 {[%emt 0:00:15]} 47. Nxd6 {[%emt 0:01:59]} Rg2+ {[%emt 0:00:27]} 48. Kb3 {[%emt 0:02:25]} Rxh2 {[%emt 0:00:22]} 49. Nb7+ {[%emt 0:01:41]} Kf5 {[%emt 0:00:45]} 50. Rf6+ {[%emt 0:00:29]} Kg4 {[%emt 0:00:17]} 51. Nc5 {[%emt 0:00:28]} Rdh7 {[%emt 0:00:57]} 52. Rae6 {[%emt 0:01:12]} Re2 {[%emt 0:01:08]} 53. Rd6 {[%emt 0:03:25]} d4 {[%emt 0:01:22]} 54. a4 {[%emt 0:00:46]} Rh3+ {[%emt 0:02:18]} 55. Kc4 {[%emt 0:00:05]} Rc3+ {[%emt 0:00:27]} 56. Kb5 {[%emt 0:00:13]} Ra3 {[%emt 0:01:32]} 57. a5 {[%emt 0:00:42]} Kg3 {[%emt 0:00:53]} 58. a6 {[%emt 0:07:08]} g4 {[%emt 0:00:36]} 59. Rd7 {[%emt 0:01:49]} Rea2 {[%emt 0:00:30]} 60. Rf5 {[%emt 0:01:04]} d3 {[%emt 0:02:53]} 61. Rxe5 {[%emt 0:00:59]} Kf4 {[%emt 0:01:27]} 62. Red5 {[%emt 0:00:15]} g3 {[%emt 0:00:39]} 63. Rd4+ {[%emt 0:00:59]} Ke3 {[%emt 0:01:19]} 64. Rxd3+ {[%emt 0:00:16]} Rxd3 {[%emt 0:00:33]} 65. Rxd3+ {[%emt 0:00:04]} Kf2 {[%emt 0:00:09]} 66. Ne4+ {[%emt 0:00:09]} 1-0

[Event "120th Taflfelag Reykjavik-B 2020"]
[Site "Reykjavik"]
[Date "2020.10.02"]
[Round "9.7"]
[White "Hardarson, Petur Palmi"]
[Black "Briem, Benedikt"]
[Result "1-0"]
[WhiteElo "2061"]
[BlackElo "1951"]
[Annotator "ChessBase"]
[PlyCount "55"]
[EventDate "2020.09.13"]
[EventType "tourn"]
[EventCountry "ISL"]
[SourceTitle "playchess.com"]
[Source "ChessBase"]
[SourceQuality "1"]
[TimeControl "40/5400+15:1800+30"]

1. d4 {[%emt 0:00:00]} e6 {[%emt 0:00:01]} 2. c4 {[%emt 0:00:00]} f5 {[%emt 0:00:00]} 3. Nf3 {[%emt 1:30:45]} Nf6 {[%emt 0:00:27]} 4. g3 {[%emt 0:00:48]} d6 {[%emt 0:02:07]} 5. Bg2 {[%emt 0:00:41]} Be7 {[%emt 0:00:08]} 6. O-O {[%emt 0:00:17]} O-O {[%emt 1:28:47]} 7. b3 {[%emt 0:01:00]} a5 {[%emt 0:01:05]} 8. Bb2 {[%emt 0:01:57]} Qe8 {[%emt 0:03:12]} 9. Re1 {[%emt 0:04:11]} Ne4 {[%emt 0:00:46]} 10. Nfd2 {[%emt 0:03:59]} Nxd2 {[%emt 0:00:45]} 11. Nxd2 {[%emt 0:00:34]} Nd7 {[%emt 0:02:48]} 12. e4 {[%emt 0:01:28]} f4 {[%emt 1:21:41]} 13. Nf3 {[%emt 0:08:20]} g5 {[%emt 1:21:30]} 14. e5 {[%emt 0:03:28]} g4 {[%emt 0:01:13]} 15. Nd2 {[%emt 0:11:39]} f3 {[%emt 0:04:35]} 16. Bf1 {[%emt 0:00:16]} dxe5 {[%emt 0:03:16]} 17. dxe5 {[%emt 0:01:38]} Rf5 {[%emt 0:02:01]} 18. h3 {[%emt 0:02:17]} h5 {[%emt 0:06:33]} 19. Bd3 {[%emt 0:01:43]} Rf8 {[%emt 0:00:37]} 20. Qc2 {[%emt 0:02:02]} Kg7 {[%emt 0:56:40]} 21. Ne4 {[%emt 0:01:46]} b6 {[%emt 0:03:53]} 22. Qc1 {[%emt 0:04:19]} Rh8 {[%emt 0:15:05]} 23. Nf6 {[%emt 0:02:31]} Qf7 {[%emt 0:09:15]} 24. Qg5+ {[%emt 0:05:23]} Kf8 {[%emt 0:00:17]} 25. Be4 {[%emt 0:09:39]} Rb8 {[%emt 0:00:38]} 26. Rad1 {[%emt 0:00:27]} Nxf6 {[%emt 0:28:31]} 27. exf6 {[%emt 0:00:20]} Bb4 {[%emt 0:00:00]} 28. Rd8+ {[%emt 0:00:20]} 1-0

[Event "120th Taflfelag Reykjavik-B 2020"]
[Site "Reykjavik"]
[Date "2020.10.02"]
[Round "9.8"]
[White "Ragnarsson, Johann"]
[Black "Johannsson, Birkir Isak"]
[Result "0-1"]
[WhiteElo "1952"]
[BlackElo "2146"]
[Annotator "ChessBase"]
[PlyCount "104"]
[EventDate "2020.09.13"]
[EventType "tourn"]
[EventCountry "ISL"]
[SourceTitle "playchess.com"]
[Source "ChessBase"]
[SourceQuality "1"]
[TimeControl "40/5400+15:1800+30"]

1. c3 {[%emt 0:06:20]} d5 {[%emt 1:30:15]} 2. d4 {[%emt 0:00:01]} Nf6 {[%emt 0:00:00]} 3. Bg5 {[%emt 0:00:14]} Nbd7 {[%emt 0:05:22]} 4. e3 {[%emt 0:00:49]} g6 {[%emt 0:01:02]} 5. Bd3 {[%emt 0:00:00]} Bg7 {[%emt 0:01:50]} 6. f4 {[%emt 0:00:19]} c5 {[%emt 0:00:38]} 7. Nd2 {[%emt 1:24:02]} b6 {[%emt 0:00:55]} 8. Ngf3 {[%emt 0:00:55]} Bb7 {[%emt 0:00:42]} 9. Bxf6 {[%emt 0:02:29]} Bxf6 {[%emt 0:05:19]} 10. Qe2 {[%emt 0:03:54]} Bg7 {[%emt 0:04:37]} 11. Ng5 {[%emt 0:10:33]} Nf6 {[%emt 0:17:31]} 12. Bb5+ {[%emt 0:05:37]} Kf8 {[%emt 0:00:00]} 13. Bd3 {[%emt 0:14:34]} Qd6 {[%emt 0:13:30]} 14. Ndf3 {[%emt 0:12:36]} c4 {[%emt 0:09:07]} 15. Bc2 {[%emt 0:01:08]} Bc6 {[%emt 0:00:27]} 16. Ne5 {[%emt 0:02:07]} Be8 {[%emt 0:00:00]} 17. O-O-O {[%emt 0:03:29]} h6 {[%emt 0:01:24]} 18. Nh3 {[%emt 0:01:03]} b5 {[%emt 0:00:51]} 19. g4 {[%emt 0:01:03]} Ne4 {[%emt 0:01:10]} 20. Qg2 {[%emt 0:27:12]} f5 {[%emt 0:02:04]} 21. Rhg1 {[%emt 0:02:47]} Rg8 {[%emt 0:00:26]} 22. gxf5 {[%emt 0:03:06]} gxf5 {[%emt 0:00:04]} 23. Bxe4 {[%emt 0:00:30]} dxe4 {[%emt 0:00:12]} 24. Nf2 {[%emt 0:02:38]} Rb8 {[%emt 0:01:42]} 25. Qh3 {[%emt 0:00:58]} e6 {[%emt 0:11:26]} 26. Ng6+ {[%emt 0:05:34]} Bxg6 {[%emt 0:16:11]} 27. Rxg6 {[%emt 0:00:00]} Qe7 {[%emt 0:00:10]} 28. Rdg1 {[%emt 0:00:15]} Qf7 {[%emt 0:00:13]} 29. Qg2 {[%emt 0:01:07]} b4 {[%emt 0:02:05]} 30. Nd1 {[%emt 0:00:00]} a5 {[%emt 0:00:55]} 31. Qc2 {[%emt 0:00:50]} Qd7 {[%emt 0:00:27]} 32. cxb4 {[%emt 0:01:45]} axb4 {[%emt 0:00:12]} 33. Kd2 {[%emt 0:00:31]} Rc8 {[%emt 0:01:54]} 34. Ke1 {[%emt 0:00:17]} Qe7 {[%emt 0:01:35]} 35. Kf1 {[%emt 0:00:49]} c3 {[%emt 0:00:46]} 36. R1g2 {[%emt 0:00:22]} Kf7 {[%emt 0:01:53]} 37. Ke1 {[%emt 0:04:20]} cxb2 {[%emt 0:02:43]} 38. Qb1 {[%emt 0:01:34]} Qh4+ {[%emt 0:02:34]} 39. R6g3 {[%emt 0:00:40]} Bf6 {[%emt 0:02:07]} 40. Qxb2 {[%emt 0:00:00]} Rxg3 {[%emt 0:00:00]} 41. Rxg3 {[%emt 0:19:41]} Qh5 {[%emt 0:17:53]} 42. Qxb4 {[%emt 0:02:06]} Rc1 {[%emt 0:01:54]} 43. Qd2 {[%emt 0:08:14]} Rxd1+ {[%emt 0:00:48]} 44. Qxd1 {[%emt 0:00:59]} Qxh2 {[%emt 0:13:26]} 45. Qb3 {[%emt 0:00:28]} Qxg3+ {[%emt 0:00:14]} 46. Kd2 {[%emt 0:00:12]} Qf2+ {[%emt 0:00:45]} 47. Kc1 {[%emt 0:00:05]} Qe1+ {[%emt 0:00:36]} 48. Kc2 {[%emt 0:01:50]} Qa5 {[%emt 0:13:43]} 49. Kb1 {[%emt 0:01:08]} Be7 {[%emt 0:00:20]} 50. Qd1 {[%emt 0:00:22]} Qb4+ {[%emt 0:01:07]} 51. Ka1 {[%emt 0:00:39]} Qc3+ {[%emt 0:00:08]} 52. Kb1 {[%emt 0:00:08]} Qd3+ {[%emt 0:00:18]} 0-1

[Event "120th Taflfelag Reykjavik-B 2020"]
[Site "Reykjavik"]
[Date "2020.10.02"]
[Round "9.9"]
[White "Ptacnikova, Lenka"]
[Black "Olafsson, Thorvardur"]
[Result "1-0"]
[WhiteElo "2117"]
[BlackElo "2111"]
[Annotator "ChessBase"]
[PlyCount "61"]
[EventDate "2020.09.13"]
[EventType "tourn"]
[EventCountry "ISL"]
[SourceTitle "playchess.com"]
[Source "ChessBase"]
[SourceQuality "1"]
[TimeControl "40/5400+15:1800+30"]

1. Nf3 {[%emt 0:00:00]} Nf6 {[%emt 0:06:08]} 2. c4 {[%emt 0:01:17]} e6 {[%emt 0:06:15]} 3. g3 {[%emt 0:03:00]} d5 {[%emt 0:02:10]} 4. d4 {[%emt 0:00:48]} Be7 {[%emt 0:00:10]} 5. Bg2 {[%emt 0:00:15]} O-O {[%emt 0:00:00]} 6. O-O {[%emt 0:00:47]} dxc4 {[%emt 0:01:22]} 7. Qc2 {[%emt 0:02:16]} a6 {[%emt 0:01:26]} 8. Qxc4 {[%emt 0:02:46]} b5 {[%emt 0:00:07]} 9. Qc2 {[%emt 0:00:10]} Bb7 {[%emt 0:00:12]} 10. Nbd2 {[%emt 0:02:16]} Nbd7 {[%emt 0:03:41]} 11. Nb3 {[%emt 0:04:29]} Be4 {[%emt 0:04:55]} 12. Qd1 {[%emt 0:02:12]} c5 {[%emt 0:04:34]} 13. Bd2 {[%emt 0:00:30]} c4 {[%emt 0:09:34]} 14. Ba5 {[%emt 0:01:30]} Qb8 {[%emt 0:03:48]} 15. Nbd2 {[%emt 0:00:45]} Bd5 {[%emt 0:00:36]} 16. b3 {[%emt 0:04:24]} cxb3 {[%emt 0:49:02]} 17. axb3 {[%emt 0:02:02]} Qb7 {[%emt 0:01:20]} 18. Qb1 {[%emt 0:02:14]} Rfc8 {[%emt 0:02:27]} 19. Re1 {[%emt 0:03:49]} Ne4 {[%emt 0:02:16]} 20. Nxe4 {[%emt 0:01:04]} Bxe4 {[%emt 0:00:19]} 21. Ng5 {[%emt 0:01:10]} Bxb1 {[%emt 0:00:00]} 22. Bxb7 {[%emt 0:00:00]} Bc2 {[%emt 0:00:00]} 23. Nf3 {[%emt 0:29:06]} Bxb3 {[%emt 0:00:00]} 24. Bxa8 {[%emt 0:01:29]} Rxa8 {[%emt 0:00:00]} 25. Rec1 {[%emt 0:00:06]} Nf6 {[%emt 0:00:00]} 26. Rc7 {[%emt 0:05:28]} Kf8 {[%emt 0:00:00]} 27. Ne5 {[%emt 0:00:31]} Ke8 {[%emt 0:00:00]} 28. Rac1 {[%emt 0:01:04]} Bd6 {[%emt 0:00:00]} 29. Rc8+ {[%emt 0:00:12]} Rxc8 {[%emt 0:00:00]} 30. Rxc8+ {[%emt 0:00:00]} Ke7 {[%emt 0:00:00]} 31. Bd8+ {[%emt 0:00:00]} 1-0

[Event "120th Taflfelag Reykjavik-B 2020"]
[Site "Reykjavik"]
[Date "2020.10.02"]
[Round "9.10"]
[White "Heidarsson, Arnar Milutin"]
[Black "Jonsson, Gauti Pall"]
[Result "0-1"]
[WhiteElo "1965"]
[BlackElo "2046"]
[Annotator "ChessBase"]
[PlyCount "60"]
[EventDate "2020.09.13"]
[EventType "tourn"]
[EventCountry "ISL"]
[SourceTitle "playchess.com"]
[Source "ChessBase"]
[SourceQuality "1"]
[TimeControl "40/5400+15:1800+30"]

1. d4 {[%emt 1:30:15]} Nf6 {[%emt 1:30:15]} 2. c4 {[%emt 0:00:15]} g6 3. Nc3 {[%emt 0:00:15]} Bg7 {[%emt 0:00:30]} 4. e4 {[%emt 0:00:15]} d6 5. Be2 {[%emt 0:00:15]} O-O {[%emt 0:00:30]} 6. Be3 {[%emt 0:00:15]} Na6 {[%emt 0:00:15]} 7. g4 {[%emt 0:00:15]} c5 {[%emt 0:00:15]} 8. g5 {[%emt 0:00:15]} Ng4 {[%emt 0:00:15]} 9. Bxg4 {[%emt 0:00:15]} cxd4 {[%emt 0:00:15]} 10. Bxd4 {[%emt 0:00:15]} Bxd4 {[%emt 0:00:15]} 11. Qxd4 {[%emt 0:00:15]} Bxg4 {[%emt 0:00:15]} 12. f3 {[%emt 0:00:15]} Bh5 {[%emt 0:00:15]} 13. Nd5 {[%emt 0:00:15]} Nc7 {[%emt 0:00:15]} 14. Rc1 {[%emt 0:00:15]} Nxd5 {[%emt 0:00:15]} 15. Qxd5 {[%emt 0:00:15]} Qb6 {[%emt 0:00:15]} 16. Qd2 {[%emt 0:00:15]} Rac8 {[%emt 0:00:15]} 17. Kf1 {[%emt 0:00:15]} Qa6 {[%emt 0:00:15]} 18. b3 {[%emt 0:00:15]} b5 {[%emt 0:00:15]} 19. cxb5 {[%emt 0:00:15]} Rxc1+ {[%emt 0:00:15]} 20. Qxc1 {[%emt 0:00:15]} Qxa2 {[%emt 0:00:15]} 21. Qc3 {[%emt 0:00:15]} Rb8 {[%emt 0:00:15]} 22. Qd3 {[%emt 0:00:15]} Qa5 {[%emt 0:00:15]} 23. Kf2 {[%emt 0:00:15]} Qxb5 {[%emt 0:00:15]} 24. Qxb5 {[%emt 0:00:15]} Rxb5 {[%emt 0:00:15]} 25. Ne2 {[%emt 0:00:15]} Rxb3 {[%emt 0:00:15]} 26. Rc1 {[%emt 0:00:15]} Rxf3+ {[%emt 0:00:15]} 27. Kg2 {[%emt 0:00:15]} Rd3 {[%emt 0:00:15]} 28. Rc8+ {[%emt 0:00:15]} Kg7 {[%emt 0:00:15]} 29. Nf4 {[%emt 0:00:15]} Re3 {[%emt 0:00:15]} 30. Re8 {[%emt 0:00:15]} e6 {[%emt 0:00:15]} 0-1